00580nam a22001932 4500001001100000005001700011008004100028020002200069040000800091245003000099260005100129300002900180500004200209500002000251630003500271650002400306710003400330050002200364000001031320140825164406.0070208s1997 tnu 000 0 eng d a1558194746 (pbk.) aPUL10aSo that is in the Bible?. aNashville, Tenn. :bBroadman & Holman,cc1997. axv, 577 p. ;c23 cm. a"Broadman & Holman reference"--Cover. aIncludes index.00aBible.xConcordances, English. 0aBible concordances.2 aBroadman & Holman Publishers. aBS432b.S653 1997